|
|
|
|
| LEADER |
00000cam a22000005a 4500 |
| 001 |
vtls001480207 |
| 003 |
SK-MaSNL |
| 005 |
20260223223253.0 |
| 008 |
040817s1766 xo 00000 lat |
| 035 |
|
|
|a SNK000435505
|
| 040 |
|
|
|a SNK
|b slo
|c SNK
|e AACR2
|
| 041 |
0 |
|
|a lat
|
| 044 |
|
|
|a xo
|c SK
|
| 245 |
0 |
0 |
|a Epitome doctrinae moralis, et canonicae ex constitutionibus aliisque operibus Felicis Recordationis Benedicti XIV. Pontificis Maximi ...
|
| 260 |
|
|
|a Tyrnaviae
|b [ Typis ] Collegii Academici Soc. Jesu
|c 1766
|
| 300 |
|
|
|a [16], 308 s.
|
| 852 |
|
|
|a Slovenská národná knižnica v Martine
|b 10000
|h SD 10398
|
| 999 |
|
|
|c 732005
|d 733935
|
| 952 |
|
|
|a SNK
|b SNK
|y PREZ
|7 0
|p 17A0887451
|o snkSD 10398
|i snkKSF 406/56
|8 5
|0 0
|1 0
|4 0
|d 2004-08-17
|l 0
|r 2025-11-24 00:00:00
|w 2026-02-23
|
| 952 |
|
|
|a SNK
|b SNK
|y PREZ
|7 0
|p 17A1186993
|o snkSD 10398 D1
|i snkF 56/83
|8 5
|3 rekatalizácia
|0 0
|1 0
|4 0
|d 2017-01-20
|l 0
|r 2026-02-23 22:32:53
|w 2026-02-23
|